[Event "FICGS class C 000309 email"]
[Site "FICGS email"]
[Date "2023.02.07"]
[Round "1"]
[White "Autobello, Giovanni"]
[Black "Hung, Vincent"]
[Result "0-1"]
[WhiteElo "1720"]
[BlackElo "1800"]
[PlyCount "38"]
[EventDate "2023.??.??"]
[EventType "tourn (corr)"]
[EventRounds "4"]
[SourceTitle "Corr 2024"]
[Source "ChessBase"]
[SourceDate "2023.10.19"]
[SourceVersion "1"]
[SourceVersionDate "2023.10.19"]
[SourceQuality "1"]

1. c4 Nf6 2. Nc3 c5 3. g3 g6 4. Bg2 Bg7 5. Nf3 Nc6 6. 0-0 0-0 7. d3 Rb8 8. Bg5 a6 9. a4 b6 10. Rb1 Bb7 11. e4 d6 12. Qd2 Nd7 13. b3 f6 14. Bh6 Nb4 15. Bxg7 Kxg7 16. Nd5 Bxd5 17. exd5 Ne5 18. Nxe5 fxe5 19. f4 exf4 0-1

[Event "FICGS class C 000308 email"]
[Site "FICGS email"]
[Date "2023.01.10"]
[Round "1"]
[White "Pintor, Manuel"]
[Black "Autobello, Giovanni"]
[Result "1-0"]
[WhiteElo "1718"]
[BlackElo "1720"]
[PlyCount "55"]
[EventDate "2023.??.??"]
[EventType "tourn (corr)"]
[EventRounds "4"]
[SourceTitle "Corr 2024"]
[Source "ChessBase"]
[SourceDate "2023.10.19"]
[SourceVersion "1"]
[SourceVersionDate "2023.10.19"]
[SourceQuality "1"]

1. e4 c5 2. f4 d6 3. Nf3 Nc6 4. c3 Nf6 5. e5 dxe5 6. fxe5 Nd5 7. Bc4 e6 8. 0-0 Be7 9. d4 cxd4 10. cxd4 0-0 11. Nc3 a6 12. a4 Qa5 13. Bd2 Bb4 14. Ne4 Bxd2 15. Nexd2 Ne3 16. Qe2 Nxf1 17. Kxf1 Qb6 18. Nb3 Rd8 19. Rd1 Bd7 20. Nc5 Rac8 21. Nxd7 Rxd7 22. d5 Na5 23. b3 exd5 24. Bxd5 Nxb3 25. e6 Rd6 26. exf7+ Kf8 27. Ng5 Rxd5 28. Rxd5 1-0

[Event "FICGS class C 000307 email"]
[Site "FICGS email"]
[Date "2022.10.31"]
[Round "1"]
[White "Autobello, Giovanni"]
[Black "Domingo, Jordi"]
[Result "0-1"]
[WhiteElo "1659"]
[BlackElo "1962"]
[PlyCount "44"]
[EventDate "2022.??.??"]
[EventType "tourn (corr)"]
[EventRounds "4"]
[SourceTitle "Corr 2024"]
[Source "ChessBase"]
[SourceDate "2023.10.19"]
[SourceVersion "1"]
[SourceVersionDate "2023.10.19"]
[SourceQuality "1"]

1. e4 e5 2. Nf3 f5 3. exf5 e4 4. Qe2 Qe7 5. Nd4 Nc6 6. Nxc6 dxc6 7. g3 Bxf5 8. Bg2 0-0-0 9. Nc3 Nf6 10. 0-0 Kb8 11. b3 h5 12. Bb2 h4 13. Rfe1 hxg3 14. hxg3 Bg4 15. Qe3 Qe5 16. Rab1 Qh5 17. Nxe4 Qh2+ 18. Kf1 Bh3 19. Bxh3 Qxh3+ 20. Ke2 Qh5+ 21. f3 Nxe4 22. g4 Qh2+ 0-1

[Event "FICGS class C 000307 email"]
[Site "FICGS email"]
[Date "2022.10.31"]
[Round "1"]
[White "Autobello, Giovanni"]
[Black "Pintor, Manuel"]
[Result "0-1"]
[WhiteElo "1659"]
[BlackElo "1693"]
[PlyCount "58"]
[EventDate "2022.??.??"]
[EventType "tourn (corr)"]
[EventRounds "4"]
[SourceTitle "Corr 2024"]
[Source "ChessBase"]
[SourceDate "2023.10.19"]
[SourceVersion "1"]
[SourceVersionDate "2023.10.19"]
[SourceQuality "1"]

1. c4 e5 2. Nc3 Bc5 3. Nf3 d6 4. g3 Nf6 5. Bg2 0-0 6. 0-0 Nc6 7. d3 h6 8. a3 Bg4 9. b4 Bxf3 10. Bxf3 Bd4 11. Bb2 Rb8 12. Qc2 Ne7 13. e3 Bb6 14. Rfd1 Ng6 15. d4 c6 16. c5 Bc7 17. Ne4 Nxe4 18. Bxe4 Qg5 19. Bxg6 Qxg6 20. Qxg6 fxg6 21. cxd6 Bxd6 22. dxe5 Bc7 23. Rd7 Rf7 24. Rad1 Bb6 25. e6 Rxd7 26. Rxd7 Kf8 27. Rxg7 Bd8 28. Rxg6 Bg5 29. h4 Be7 0-1

[Event "FICGS class C 000306 email"]
[Site "FICGS email"]
[Date "2022.10.15"]
[Round "1"]
[White "Pech, Stepan"]
[Black "Autobello, Giovanni"]
[Result "1-0"]
[WhiteElo "1922"]
[BlackElo "1659"]
[PlyCount "37"]
[EventDate "2022.??.??"]
[EventType "tourn (corr)"]
[EventRounds "4"]
[SourceTitle "Corr 2024"]
[Source "ChessBase"]
[SourceDate "2023.10.19"]
[SourceVersion "1"]
[SourceVersionDate "2023.10.19"]
[SourceQuality "1"]

1. e4 c5 2. c3 Nc6 3. Nf3 d6 4. d4 cxd4 5. cxd4 Nf6 6. Nc3 Bg4 7. d5 Ne5 8. Nxe5 dxe5 9. Bb5+ Bd7 10. Bxd7+ Qxd7 11. f4 exf4 12. e5 Ng8 13. Bxf4 g6 14. 0-0 Bg7 15. Qf3 Qf5 16. d6 0-0-0 17. Nb5 Kb8 18. Qa3 a6 19. Qc5 1-0

[Event "FICGS class C 000305 email"]
[Site "FICGS email"]
[Date "2022.09.08"]
[Round "1"]
[White "Bennion, William"]
[Black "Autobello, Giovanni"]
[Result "1-0"]
[WhiteElo "1800"]
[BlackElo "1659"]
[PlyCount "39"]
[EventDate "2022.??.??"]
[EventType "tourn (corr)"]
[EventRounds "4"]
[SourceTitle "Corr 2024"]
[Source "ChessBase"]
[SourceDate "2023.10.19"]
[SourceVersion "1"]
[SourceVersionDate "2023.10.19"]
[SourceQuality "1"]

1. e4 c5 2. Na3 a6 3. c3 Nc6 4. f4 d6 5. d3 Nf6 6. Nf3 Bg4 7. Be2 Qc7 8. 0-0 g6 9. e5 dxe5 10. fxe5 Nd7 11. Bf4 e6 12. Nc4 Bxf3 13. Bxf3 b5 14. Nd6+ Bxd6 15. exd6 Qb6 16. Qe1 0-0-0 17. a4 Rhe8 18. b4 cxb4+ 19. Be3 Qb7 20. axb5 1-0

[Event "FICGS class C 000303 email"]
[Site "FICGS email"]
[Date "2022.08.06"]
[Round "1"]
[White "Autobello, Giovanni"]
[Black "Domingo, Jordi"]
[Result "0-1"]
[WhiteElo "1701"]
[BlackElo "1909"]
[PlyCount "54"]
[EventDate "2022.??.??"]
[EventType "tourn (corr)"]
[EventRounds "4"]
[SourceTitle "Corr 2024"]
[Source "ChessBase"]
[SourceDate "2023.10.19"]
[SourceVersion "1"]
[SourceVersionDate "2023.10.19"]
[SourceQuality "1"]

1. e4 e5 2. Nf3 f5 3. Nxe5 Qf6 4. d4 d6 5. Nc4 fxe4 6. Nc3 Qg6 7. g3 Nf6 8. Ne3 Nc6 9. Bg2 d5 10. Nexd5 Nxd5 11. Nxd5 Bg4 12. Qd2 0-0-0 13. c4 e3 14. fxe3 Rxd5 15. a3 Nxd4 16. exd4 Rf5 17. Be4 Re5 18. dxe5 Qxe4+ 19. Qe3 Qxh1+ 20. Kd2 Be7 21. Qxa7 b6 22. Qa6+ Kb8 23. b4 Rd8+ 24. Kc3 Qf3+ 25. Kb2 Qe2+ 26. Kb3 Rd3+ 27. Ka4 Qc2+ 0-1

[Event "FICGS class C 000303 email"]
[Site "FICGS email"]
[Date "2022.08.06"]
[Round "1"]
[White "Butu, Sebastian"]
[Black "Autobello, Giovanni"]
[Result "0-1"]
[WhiteElo "1900"]
[BlackElo "1701"]
[PlyCount "30"]
[EventDate "2022.??.??"]
[EventType "tourn (corr)"]
[EventRounds "4"]
[SourceTitle "Corr 2024"]
[Source "ChessBase"]
[SourceDate "2023.10.19"]
[SourceVersion "1"]
[SourceVersionDate "2023.10.19"]
[SourceQuality "1"]

1. e4 c5 2. Nf3 d6 3. d4 cxd4 4. Nxd4 Nf6 5. Nc3 a6 6. Be3 e5 7. Nb3 Be6 8. Qd2 Be7 9. f3 0-0 10. 0-0-0 Nbd7 11. g4 b5 12. g5 Ne8 13. Nd5 Bxd5 14. exd5 f5 15. h4 f4 0-1

[Event "FICGS class C 000301 email"]
[Site "FICGS email"]
[Date "2022.06.02"]
[Round "1"]
[White "Autobello, Giovanni"]
[Black "Nudo, Davide Francesco Ma"]
[Result "1-0"]
[WhiteElo "1724"]
[BlackElo "1840"]
[PlyCount "21"]
[EventDate "2022.??.??"]
[EventType "tourn (corr)"]
[EventRounds "4"]
[SourceTitle "Corr 2024"]
[Source "ChessBase"]
[SourceDate "2023.10.19"]
[SourceVersion "1"]
[SourceVersionDate "2023.10.19"]
[SourceQuality "1"]

1. d4 Nf6 2. c4 c5 3. e3 cxd4 4. exd4 d5 5. Nf3 e6 6. g3 dxc4 7. Qa4+ Bd7 8. Qxc4 a6 9. Bg2 Bb5 10. Qc2 Nc6 11. Be3 1-0

[Event "FICGS class C 000297 email"]
[Site "FICGS email"]
[Date "2021.10.31"]
[Round "1"]
[White "Autobello, Giovanni"]
[Black "Trigance, Emile"]
[Result "1/2-1/2"]
[WhiteElo "1688"]
[BlackElo "1776"]
[PlyCount "108"]
[EventDate "2021.??.??"]
[EventType "tourn (corr)"]
[EventRounds "4"]
[SourceTitle "Corr 2024"]
[Source "ChessBase"]
[SourceDate "2023.10.19"]
[SourceVersion "1"]
[SourceVersionDate "2023.10.19"]
[SourceQuality "1"]

1. e4 d5 2. exd5 Nf6 3. c4 c6 4. dxc6 Nxc6 5. Nf3 e5 6. Nc3 Bg4 7. d3 Bb4 8. h3 Bxf3 9. Qxf3 Qe7 10. Bd2 Nd4 11. Qd1 0-0 12. g3 e4 13. Bg2 exd3+ 14. Kf1 Rad8 15. Nd5 Nxd5 16. Bxd5 Nc2 17. Rc1 Qf6 18. a3 Bc5 19. Rh2 Rfe8 20. Bc3 Ne3+ 21. Kg1 Qxc3 22. bxc3 Nxd1 23. Rxd1 Bxa3 24. Rxd3 b6 25. Kf1 Kf8 26. f4 Re7 27. Ra2 Bc5 28. Re2 Rxe2 29. Kxe2 Re8+ 30. Kf1 Re3 31. Rxe3 Bxe3 32. Ke2 Bc5 33. g4 a5 34. Kd2 f6 35. Be4 g6 36. f5 g5 37. Bc2 Ke7 38. Kd3 Kd6 39. Ke4 Bf2 40. Ba4 Be1 41. Kd4 Bg3 42. Bb3 Bf2+ 43. Ke4 Kc5 44. Kd3 Be1 45. Ba4 h6 46. Bb5 Bg3 47. Ba4 Kd6 48. Ke4 Be1 49. Kd4 Bf2+ 50. Ke4 Bc5 51. Bb5 Ba3 52. Ba4 Bb2 53. Kd4 Bc1 54. Bb5 Bf4 1/2-1/2

[Event "FICGS class C 000295 email"]
[Site "FICGS email"]
[Date "2021.08.18"]
[Round "1"]
[White "Swiatek, Janusz"]
[Black "Autobello, Giovanni"]
[Result "1-0"]
[WhiteElo "1954"]
[BlackElo "1641"]
[PlyCount "55"]
[EventDate "2021.??.??"]
[EventType "tourn (corr)"]
[EventRounds "4"]
[SourceTitle "Corr 2024"]
[Source "ChessBase"]
[SourceDate "2023.10.19"]
[SourceVersion "1"]
[SourceVersionDate "2023.10.19"]
[SourceQuality "1"]

1. d4 Nf6 2. c4 b6 3. f3 e6 4. e4 d6 5. Nc3 Be7 6. Nge2 0-0 7. Be3 Bb7 8. Qc2 c5 9. d5 exd5 10. cxd5 Nbd7 11. Ng3 Re8 12. Be2 Bf8 13. Qd2 Qe7 14. Nf5 Qd8 15. a4 g6 16. Nh6+ Kg7 17. h4 Qe7 18. Bg5 Rac8 19. 0-0-0 c4 20. h5 Nc5 21. Qf4 Nb3+ 22. Kb1 Qe5 23. Qh4 Nxe4 24. Nxe4 Be7 25. hxg6 Bxg5 26. Nf5+ Qxf5 27. Qxh7+ Kf8 28. g7+ 1-0